[Event "Torneo Internazionale"]
[Site "Timisoara ROU"]
[Date "1972.03.??"]
[Round "?"]
[White "Honfi, Karoly"]
[Black "Paoli, Enrico"]
[Result "1-0"]
[WhiteElo "2435"]
[BlackElo "2355"]
[PlyCount "87"]
[EventDate "1972.03.11"]

1. e4 c5 2. Nf3 Nc6 3. d4 cxd4 4. Nxd4 Nf6 5. Nc3 d6 6. Bc4 e6 7. Bb3 Be7 8.
Be3 a6 9. f4 O-O 10. Qf3 e5 11. Nxc6 bxc6 12. fxe5 dxe5 13. O-O Rb8 14. Kh1 Qc7
15. Bg5 Ng4 16. Bxe7 Qxe7 17. Qg3 Kh8 18. Rf3 a5 19. Raf1 Nh6 20. h3 Rb4 21.
Qe1 Qa7 22. Nd1 Rd4 23. c3 Rd6 24. Ne3 Ba6 25. Bc4 Bc8 26. Qh4 Qc7 27. g4 Rg6
28. Qf2 Qd8 29. Bxf7 Bxg4 30. hxg4 Nxg4 31. Nxg4 Rxg4 32. Qh2 Rh4 33. Rh3 Rxf7
34. Rxf7 Qd1+ 35. Kg2 Qe2+ 36. Rf2 Rg4+ 37. Rg3 Qxe4+ 38. Rff3 Rf4 39. Qg1 h6
40. Qe3 Qd5 41. Kf2 g5 42. Rg1 Re4 43. Qd3 Qc5+ 44. Kf1 1-0

[Event "Torneo Internazionale"]
[Site "Timisoara ROU"]
[Date "1972.03.??"]
[Round "?"]
[White "Paoli, Enrico"]
[Black "Ghinda, Mihail-Viorel"]
[Result "1/2-1/2"]
[WhiteElo "2355"]
[BlackElo "2290"]
[PlyCount "81"]
[EventDate "1972.03.11"]

1. e4 Nf6 2. e5 Nd5 3. d4 d6 4. Nf3 g6 5. c4 Nb6 6. exd6 cxd6 7. Nc3 Bg7 8. h3
O-O 9. Be3 Nc6 10. Rc1 d5 11. c5 Nc4 12. Bxc4 dxc4 13. O-O Bf5 14. Qa4 Bd3 15.
Rfd1 f5 16. d5 Ne5 17. Nd4 f4 18. Bxf4 Rxf4 19. Ne6 Qb8 20. d6 Rf7 21. d7 Nc6
22. Re1 Bd4 23. d8=Q+ Qxd8 24. Nxd8 Bxf2+ 25. Kh1 Rxd8 26. Red1 g5 27. b3 g4
28. Rxd3 cxd3 29. Qxg4+ Kh8 30. Ne4 Be3 31. Rd1 Rdf8 32. Nd2 Bf4 33. Nf3 e5 34.
Nd2 Nd4 35. Ne4 Be3 36. Ng3 Rf4 37. Qh5 Nf5 38. Nxf5 R4xf5 39. Qg4 Rf1+ 40.
Rxf1 Rxf1+ 41. Kh2 1/2-1/2